Aids : Apa Anda Perlu Tahu / (Record no. 27235)

000 -LEADER
fixed length control field 00760nam a22002297a 4500
001 - CONTROL NUMBER
control field 0000002972
003 - CONTROL NUMBER IDENTIFIER
control field PPM
005 - DATE AND TIME OF LATEST TRANSACTION
control field 20260428113823.0
008 - FIXED-LENGTH DATA ELEMENTS--GENERAL INFORMATION
fixed length control field 260428b ||||| |||| 00| 0 eng d
020 ## - INTERNATIONAL STANDARD BOOK NUMBER
Qualifying information Hardback
035 ## - SYSTEM CONTROL NUMBER
System control number 0000002972
040 ## - CATALOGING SOURCE
Language of cataloging Malay
Transcribing agency Pusat Penyelidikan Mineral, Jabatan Mineral Dan Geosains Malaysia
Modifying agency PPM
Description conventions RDA
082 00 - DEWEY DECIMAL CLASSIFICATION NUMBER
Edition number 21
Classification number 616.9792
Item number SIN 1994
100 1# - MAIN ENTRY--PERSONAL NAME
Personal name Singh, Jit
Relator term author
245 10 - TITLE STATEMENT
Title Aids : Apa Anda Perlu Tahu /
Statement of responsibility, etc. oleh Dr. Jit Singh ; terjemahan Nadzri Ismail
260 #1 - PUBLICATION, DISTRIBUTION, ETC.
Place of publication, distribution, etc. Kuala Lumpur :
Name of publisher, distributor, etc. Delmu (Malaysia),
Date of publication, distribution, etc. 1994
300 00 - PHYSICAL DESCRIPTION
Extent x, 147 pages .:
Other physical details illustrations .;
Dimensions 21 cm
650 10 - SUBJECT ADDED ENTRY--TOPICAL TERM
Topical term or geographic name entry element AIDS (Disease)
General subdivision Prevention
650 20 - SUBJECT ADDED ENTRY--TOPICAL TERM
Topical term or geographic name entry element AIDS (Disease)
General subdivision Social aspects
700 1# - ADDED ENTRY--PERSONAL NAME
Personal name Nadzri Ismail
Relator term editor
942 ## - ADDED ENTRY ELEMENTS (KOHA)
Source of classification or shelving scheme
Koha item type Books
Holdings
Withdrawn status Lost status Source of classification or shelving scheme Damaged status Not for loan Collection code Permanent Location Current Location Shelving location Date acquired Total Checkouts Full call number Date last seen Price effective from Koha item type
Available         Open Shelf PPM PPM Open Shelf 28/04/2026   616.9792 SIN 1994 28/04/2026 28/04/2026 Books